Países aleatorios con letras faltantes - Estadísticas

Estadísticas generales
  • Esta prueba ha sido intentada 6.753 veces
    6.598 desde el último reinicio
  • La puntuación promedio es 12 de 20
Estadísticas de respuestas
Pista País % Correcto
M_X_C_ México
97%
V_N_Z_E_A Venezuela
97%
E_P_Ñ_ España
96%
H_I_Í Haití
96%
J_P_N Japón
96%
K_Z_J_S_Á_ Kazajistán
96%
L_X_M_U_G_ Luxemburgo
96%
C_B_---V_R_E Cabo Verde
95%
M_L_S_A Malasia
95%
F_Y_ Fiyi
94%
M_C_D_N_A---_E_---N_R_E Macedonia del Norte
94%
M_D_G_S_A_ Madagascar
94%
N_P_L Nepal
94%
N_G_R Niger
94%
R_P_B_I_A--- _H_C_ República Checa
94%
Y_M_N Yemen
94%
F_L_P_N_S Filipinas
93%
K_N_A Kenia
93%
K_S_V_ Kosovo
93%
P_N_M_ Panamá
93%
P_R_ Perú
93%
S_I --- _A_K_ Sri Lanka
93%
S_D_N Sudán
93%
T_N_Z Túnez
93%
B_H_M_S Bahamas
92%
B_L_V_A Bolivia
92%
C_M_R_N Camerún
92%
E_T_D_S---_N_D_S Estados Unidos
92%
L_B_N_ Líbano
92%
M_R_U_C_S Marruecos
92%
R_S_A Rusia
92%
B_T_N Bután
91%
C_T_R Catar
91%
D_N_M_R_A Dinamarca
91%
G_B_N Gabón
91%
N_G_R_A Nigeria
91%
P_Í_E_---B_J_S Países Bajos
91%
_E_Ú_L_C_---D_M_N_C_N_ República Dominicana
91%
S_N_G_L Senegal
91%
U_U_U_Y Uruguay
91%
_I_D_D---_E_---V_T_C_N_ Ciudad del Vaticano
90%
E_---S_L_A_O_ El Salvador
90%
I_D_N_S_A Indonesia
90%
_R_K Irak
90%
J_M_I_A Jamaica
90%
L_T_N_A Letonia
90%
L_B_A Libia
90%
P_K_S_Á_ Pakistán
90%
T_G_ Togo
90%
V_E_N_M Vietnam
90%
B_E_O_R_S_A Bielorrusia
89%
C_S_A---_E---_A_F_L Costa de Marfil
89%
_L---_A_V_D_R El Salvador
89%
M_L_ Mali
89%
N_C_R_G_A Nicaragua
89%
O_Á_ Omán
89%
_E_Ú Perú
89%
S_R_N_M Surinam
89%
U_B_K_S_Á_ Uzbekistán
89%
C_B_ Cuba
88%
D_M_N_C_ Dominica
88%
N_M_B_A Namibia
88%
P_P_A---_U_V_---G_I_E_ Papúa Nueva Guinea
88%
Z_M_A_U_ Zimbabue
88%
A_B_N_A Albania
87%
C_R_A---_E_---S_R Corea del Sur
87%
L_T_A_I_ Lituania
87%
M_N_C_ Mónaco
87%
_M_N Omán
87%
S_D_N---_E_---S_R Sudán del Sur
87%
F_N_A_D_A Finlandia
86%
S_E_R_---L_O_A Sierra Leona
86%
S_M_L_A Somalia
86%
A_G_L_ Angola
85%
E_L_V_Q_I_ Eslovaquia
85%
G_Y_N_ Guyana
85%
I_Á_ Irán
85%
L_B_R_A Liberia
85%
N_E_A---_E_A_D_ Nueva Zelanda
85%
S_R_A Siria
85%
Z_M_I_ Zambia
85%
_U_K_N_---F_S_ Burkina Faso
84%
C_N_D_ Canadá
84%
F_A_C_A Francia
84%
_S_A_---S_L_M_N Islas Salomón
84%
_O_D_V_A Moldavia
84%
_U_V_---Z_L_N_A Nueva Zelanda
84%
P_L_N_A Polonia
84%
G_I_E_ ---E_U_T_R_A_ Guinea Ecuatorial
83%
L_S_T_ Lesoto
83%
T_M_R---_R_E_T_L Timor Oriental
83%
A_G_N_S_Á_ Afganistán
82%
I_L_S---_A_O_Ó_ Islas Salomón
82%
K_R_B_T_ Kiribati
82%
L_E_H_E_S_E_N Liechtenstein
82%
_A_Ú_---N_E_A--- _U_N_A Papúa Nueva Guinea
82%
S_Y_H_L_E_ Seychelles
82%
T_Y_K_S_Á_ Tayikistán
82%
Y_B_T_ Yibuti
82%
_Z_R_A_Y_N Azerbaiyán
81%
B_N_N Benín
81%
_H_D Chad
81%
I_D_A India
81%
_O_A_B_Q_E Mozambique
81%
B_N_L_D_S_ Bangladés
80%
I_A_ Irak
80%
_R_N Irán
80%
I_L_S---_A_S_A_L Islas Marshall
80%
K_W_I_ Kuwait
80%
A_S_R_L_A Australia
79%
_L_M_N_A
Alemania
79%
E_U_D_R Ecuador
79%
_I_I Fiyi
79%
M_Z_M_I_U_ Mozambique
79%
V_N_A_U Vanuatu
79%
C_R_A---_E_---N_R_E Corea del Norte
78%
_A_A_U_Y Paraguay
78%
A_A_I_---S_U_I_A Arabia Saudita
77%
C_M_R_S Comoras
77%
T_V_L_ Tuvalu
77%
_H_P_E Chipre
76%
_O_T_---R_C_ Costa Rica
76%
S_N--- _A_I_O San Marino
76%
S_D_F_I_A Sudáfrica
76%
_A_Z_N_A Tanzania
76%
_O_O Togo
76%
C_I_E Chile
75%
E_I_P_A Etiopía
75%
G_A_A Ghana
75%
G_I_E_-_I_S_U Guinea-Bissau
75%
K_R_U_S_Á_ Kirguistán
75%
S_M_A Samoa
75%
_U_Q_Í_ Turquía
75%
B_L_C_ Belice
74%
_A_A_Á Canadá | Panamá
74%
H_N_R_A Hungría
74%
L_O_ Laos
74%
H_N_U_A_ Honduras
73%
_U_K_E_I_T_N Turkmenistán
73%
U_A_D_ Uganda
73%
_O_T_---D_---_A_F_L Costa de Marfil
72%
N_U_U Nauru
72%
T_R_M_N_S_Á_ Turkmenistan
72%
A_G_L_A Argelia
71%
A_M_N_A Armenia
71%
_O_E_---D_L---_U_ Corea del Sur
71%
J_R_A_I_ Jordania
71%
_E_Ú_L_C_---C_E_A República Checa
71%
_A_W_N Taiwán
71%
_R_B_A---_A_D_T_ Arabia Saudita
70%
A_G_N_I_A Argentina
70%
C_U_A_ ---D_L---_A_I_A_O Ciudad del Vaticano
70%
_O_E_---D_L---_O_T_ Corea del Norte
70%
_A_I Mali
70%
_U_Á_---D_L---_U_ Sudán del Sur
70%
C_L_M_I_ Colombia
69%
E_T_N_A Estonia
69%
G_M_I_ Gambia
69%
G_O_G_A Georgia
69%
M_A_M_R Myanmar
69%
R_A_D_ Ruanda
69%
_F_A_I_T_N Afganistan
68%
A_D_R_A Andorra
68%
A_E_B_I_Á_ Azerbaiyán
68%
_H_L_ Chile
68%
_H_N_ China | Ghana
68%
E_L_V_N_A Eslovenia
68%
_S_A_---M_R_H_L_ Islas Marshall
68%
T_I_A_D_A Tailandia
68%
G_E_I_ Grecia
67%
B_R_I_A---_A_O Burkina Faso
66%
C_S_A---_I_A Costa Rica
66%
_T_L_A Italia
66%
N_R_E_A Noruega
66%
_O_T_G_L Portugal
66%
_I_G_P_R Singapur
66%
_R_---L_N_A Sri Lanka
66%
_A_Ó_ Japón | Gabón
65%
M_N_O_I_ Mongolia
65%
I_L_N_I_ Islandia
64%
I_R_E_ Israel
64%
M_U_I_A_I_ Mauritania
64%
T_N_A Tonga
63%
B_R_N_I Burundi
62%
_G_P_O Egipto
62%
M_L_A Malta
62%
_O_G_L_A Mongolia
62%
_O_G_ Tonga
62%
E_I_R_A Eritrea
60%
_U_T_M_L_ Guatemala
60%
G_I_E_ Guinea
60%
C_A_ Chad
59%
_U_N_A-B_S_A_ Guinea-Bissau
59%
B_A_I_ Brasil
58%
B_U_É_ Brunéi
58%
_U_Á_ Bután | Sudán
58%
_U_A Cuba
58%
T_R_U_A Turquía
58%
_É_G_C_ Bélgica
57%
B_T_U_N_ Botsuana
57%
C_M_O_A Camboya
57%
C_I_R_ Chipre
57%
I_L_N_A Irlanda
57%
I_A_I_ Italia
57%
C_O_C_A Croacia
56%
_A_S Laos
56%
_A_D_V_S Maldivas
56%
A_S_R_A Austria
55%
P_L_O_ Palaos
55%
S_N_A---_U_Í_ Santa Lucía
55%
T_N_A_I_ Tanzania
55%
C_I_A China
54%
P_R_G_A_ Paraguay
54%
_S_A_O_---U_I_O_ Estados Unidos
53%
_U_A_T Kuwait
53%
M_L_U_ Malaui
53%
_A_E_Ú_ Camerún
52%
G_A_A_A Granada
52%
_A_E_O_I_---D_L---_O_T_ Macedonia del Norte
52%
_A_B_D_S Barbados
51%
_A_A_A_C_R Madagascar
51%
U_R_I_I_ Ucrania
51%
_U_G_R_A Bulgaria
50%
_Ó_A_O Mónaco
50%
M_N_E_E_R_ Montenegro
50%
_A_O---_E_D_ Cabo Verde
49%
_A_T_ Haití | Malta
49%
P_R_U_A_ Portugal
49%
_E_N_---U_I_O Reino Unido
49%
_U_A_U Tuvalu
49%
_I_G_I_T_N Kirguistán
48%
R_M_N_A Romania
48%
S_R_I_ Serbia
48%
_G_N_A Uganda
47%
_A_É_N Baréin
46%
_E_O_O Lesoto
46%
_E_C_E_L_S Seychelles
46%
_Z_E_I_T_N Uzbekistán
46%
A_E_A_I_ Alemania
45%
_O_O_O Kosovo
45%
M_U_I_I_ Mauricio
45%
R_I_O ---_N_D_ Reino Unido
45%
S_N_A_U_ Singapur
45%
_O_O_B_A Colombia
44%
_N_O_A Angola
43%
_E_Í_ Benín
43%
_R_S_L Brasil
43%
E_I_T_ Egipto
43%
T_I_Á_ Taiwán
43%
E_U_T_N_ Esuatini
42%
_N_I_ India
42%
_O_T_N_G_O Montenegro
42%
B_R_I_ Baréin
41%
B_L_I_A Bélgica
41%
_U_U_D_ Burundi
41%
_U_G_Í_ Hungría
41%
S_I_A Suiza
41%
S_E_I_ Suecia
40%
_Ú_E_ Túnez
39%
B_L_A_I_ Bulgaria
38%
_E_B_A Serbia
38%
_R_E_T_N_ Argentina
37%
G_A_E_A_A Guatemala
37%
_U_Z_ Suiza
37%
_T_O_Í_ Etiopía
36%
_A_A_I_T_N Kazajistán
36%
_A_I_I_T_N Tayikistán
36%
_A_B_A Gambia | Zambia
35%
_Í_A_O Líbano
35%
B_R_A_O_ Barbados
33%
_I_I_A_I Kiribati
33%
_A_B_Y_ Camboya
32%
_I_I_ Libia | Siria
32%
M_L_A_I_ Moldavia
32%
_I_O_---O_I_N_A_ Timor Oriental
32%
_A_G_A_É_ Bangladés
31%
_E_I_E Belice
31%
_S_A_L Israel
31%
_A_A_I Malaui
31%
_É_I_O México
31%
_A_I_T_N Pakistan
31%
_S_O_I_ Estonia
30%
_I_U_I Yibuti
30%
_N_O_R_ Andorra
29%
_S_A_D_A Islandia
29%
M_L_I_A_ Maldivas
29%
_E_E_ Yemen
29%
_I_B_B_E Zimbabue
29%
_R_N_I Brunéi
28%
_I_L_R_U_I_ Bielorrusia
27%
_R_N_D_ Granada
27%
_O_D_R_S Honduras
27%
_Y_N_A_ Myanmar
27%
_R_E_I_ Argelia | Armenia
26%
_S_A_I_I Esuatini
26%
_U_N_A---_C_A_O_I_L Guinea Ecuatorial
26%
_O_S_A_A Botsuana
24%
_S_A_A España
24%
_I_I_I_A_ Filipinas
24%
_A_R_T_N_A Mauritania
24%
_O_I_I_ Bolivia
23%
_I_U_N_A Lituania
23%
_E_A_ Nepal
23%
_A_A_S Palaos
22%
_R_G_A_ Uruguay
22%
_R_T_E_ Eritrea
21%
_R_C_A Grecia
21%
_U_N_A Guinea | Ruanda
21%
_O_D_N_A Jordania
21%
_O_A_I_ Romania | Somalia
21%
_U_I_ Rusia
21%
_L_A_I_ Albania
20%
_I_L_N_I_ Finlandia
20%
_E_E_A_ Senegal
20%
_I_R_A---_E_N_ Sierra Leona
20%
_E_E_U_L_ Venezuela
20%
_A_A_ Catar
19%
_O_U_G_ Noruega
18%
_S_O_E_I_ Eslovenia
17%
_N_O_E_I_ Indonesia
17%
_E_O_I_ Letonia
17%
_A_S_S---_A_O_ Países Bajos
17%
_O_O_I_ Polonia
17%
_A_O_ Samoa
17%
_A_ M_R_N_ San Marino
17%
_C_A_I_ Ucrania
17%
_A_U_T_ Vanuatu
17%
_O_O_A_ Comoras
16%
_U_A_A Guyana
16%
_A_R_C_O Mauricio
16%
_I_A_A_U_ Nicaragua
15%
_I_E_ Niger
15%
_R_A_D_ Irlanda
14%
_I_C_T_N_T_I_ Liechtenstein
14%
_A_L_N_I_ Tailandia
14%
_C_A_O_ Ecuador
13%
_A_A_I_ Malasia
13%
_U_C_A Suecia
13%
_A_A_A_ Bahamas
12%
_I_E_I_ Liberia | Nigeria
12%
_U_I_A_ Surinam
12%
_R_A_I_ Croacia
11%
_E_I_ Kenia
11%
_I_A_A_C_ Dinamarca
10%
_S_O_A_U_A Eslovaquia
10%
_A_R_ Nauru
10%
_A_T_ L_C_A Santa Lucía
10%
_R_N_I_ Francia
9%
_U_E_B_R_O Luxemburgo
9%
_A_A_C_ Jamaica
8%
_A_I_I_ Namibia
8%
_I_T_A_ Vietnam
8%
_U_T_A_I_ Australia
7%
_U_T_I_ Austria
6%
_A_R_E_O_ Marruecos
6%
_U_Á_R_C_ Sudáfrica
6%
_O_I_I_A Dominica
5%
_E_R_I_ Georgia
3%
No se encontraron pruebas coincidentes
Distribución de puntuación
Porcentaje de gente con cada puntuación
Porcentaje por número respondido
Historial de tus puntuaciones
No has intentado esta prueba desde el último reinicio